Paroles VVS - Ninho - Statistiques

Statistiques générales
  • Ce quiz a été pris 71 fois
  • Le résultat moyen est 123 sur 287
Statistiques - réponses
Paroles % Correct
ce
92%
en
90%
VVS
88%
ca
87%
P
85%
s
85%
tout
85%
Tout
85%
à
83%
a
83%
le
83%
la
82%
c'est
77%
qui
73%
de
70%
on
70%
qualité
70%
même
68%
d'italie
67%
juste
67%
baisse
65%
chérie
65%
ma
65%
prix
65%
vers
65%
porte
63%
certifiés
62%
des
62%
du
62%
j'ai
62%
Et
60%
et
60%
Les
60%
les
60%
mes
58%
sa
57%
mon
55%
versace
55%
amis
53%
carats
53%
Bentley
52%
par
52%
tu
52%
comme
50%
pas
50%
Un
50%
un
50%
bédo
47%
dans
47%
il
47%
que
47%
glock
45%
y
45%
au
43%
ceux
43%
est
43%
sur
43%
traine
43%
faire
42%
plata
40%
pour
40%
entre
38%
loca
38%
sais
38%
sera
38%
sont
38%
trop
38%
bandits
37%
coke
37%
kil
37%
Paris
37%
patata
37%
ta
37%
voulait
37%
bateau
35%
Blue
35%
chicas
35%
goal
35%
graciés
35%
gue-dro
35%
oh
35%
ramènent
35%
rien
35%
sous
35%
ai
33%
être
33%
finira
33%
mère
33%
Nos
33%
remplis
33%
Shoot
33%
terrain
33%
vient
33%
allongé
32%
décisions
32%
grace
32%
gratos
32%
j'fais
32%
J'prends
32%
l'bandana
32%
mais
32%
putain
32%
besoin
30%
black
30%
corazon
30%
Diddy
30%
dieu
30%
gelato
30%
midi
30%
ndoki
30%
plein
30%
Pologne
30%
poto
30%
spécialiste
30%
vendre
30%
baveux
28%
copine
28%
dégaine
28%
idées
28%
qu'y
28%
vida
28%
13 000
27%
28
27%
bicrave
27%
bon
27%
bouteilles
27%
cerveau
27%
Distille
27%
Fendi
27%
inonde
27%
kiffe
27%
meilleures
27%
pepsi
27%
petite
27%
putes
27%
qu'j'aimais
27%
tous
27%
d'sales
25%
d'sang
25%
eu
25%
franklin
25%
J'attends
25%
ou
25%
snowfall
25%
villa
25%
arriver
23%
autres
23%
d'la
23%
j'le
23%
Magic
23%
matrixé
23%
quatres
23%
qu'j'en
23%
qu'on
23%
répliquer
23%
500
22%
donc
22%
schlass
22%
ton
22%
vodka
22%
dessus
20%
j'sors
20%
j'suis
20%
mauvais
20%
platine
20%
sait
20%
seul
20%
T'sais
20%
biggie
18%
diamant
18%
kho
18%
pote
18%
tire
18%
commis
17%
délits
17%
étages
17%
factures
17%
j'bois
17%
j'les
17%
j'te
17%
neg's
17%
voyants
17%
aujourd'hui
15%
boss
15%
calle
15%
contrat
15%
esprit-gui
15%
j'détaille
15%
prédisent
15%
tant
15%
veillé
15%
ATL
13%
barrés
13%
d'artistes
13%
dégeule
13%
l'dégué
13%
plus
13%
supportais
13%
j'garde
12%
ue-r
12%
smalls
10%
d'te-shit
8%
boulversé
5%
Aucun quiz correspondant
Distribution des résultats
% des personnes avec chaque résultat
Percentile par nombre de réponses
Votre historique - résultats
Vous n’avez pas pris ce quiz